Moon or Dwarf Planet? - Click Quiz - Statistics

General Stats
  • This quiz has been taken 63 times
  • The average score is 16 of 20
Answer Stats
Hint Answer % Correct
Pluto Dwarf Planet
100%
Titan Moon
100%
Ganymede Moon
95%
Europa Moon
93%
Io Moon
91%
Triton Moon
90%
Phobos Moon
90%
Callisto Moon
84%
Titania Moon
84%
Makemake Dwarf Planet
83%
Eris Dwarf Planet
78%
Rhea Moon
78%
Oberon Moon
78%
Haumea Dwarf Planet
76%
Ceres Dwarf Planet
74%
Orcus Dwarf Planet
72%
Gonggong Dwarf Planet
72%
Quaoar Dwarf Planet
71%
Sedna Dwarf Planet
71%
Salacia Dwarf Planet
67%
No matching quizzes found
Score Distribution
Percent of People with Each Score
Percentile by Number Answered
Your Score History
You have not taken this quiz